书目信息 |
| 题名: |
王小波全集
|
|
| 作者: | 王小波 著 | |
| 分册: | 第九卷 书信 | |
| 出版信息: | 昆明 云南人民出版社 2006 |
|
| 页数: | 217页 | |
| 开本: | 23cm | |
| 丛书名: | ||
| 单 册: | ||
| 中图分类: | I267.5 , I217.52 | |
| 科图分类: | ||
| 主题词: | 文学--作品--中国--现代--选集 , 文学 , 书信集 , 书信集--中国--现代 | |
| 电子资源: | ||
| ISBN: | 7-222-04766-2 | |
| 000 | 00921nam0 2200265 450 | |
| 001 | 010700037057 | |
| 005 | 20070805164818.68 | |
| 010 | @a7-222-04766-2@b精装@dCNY288.00(全10册) | |
| 100 | @a20070324d2006 em y0chiy0110 ea | |
| 101 | 0 | @achi |
| 102 | @aCN@b530000 | |
| 105 | @aa z 000ey | |
| 200 | 1 | @a王小波全集@9wang xiao bo quan ji@h第九卷@i书信@f王小波著 |
| 210 | @a昆明@c云南人民出版社@d2006@h2007印 | |
| 215 | @a217页@c照片@d23cm | |
| 330 | @a本套书收录了王小波生前的重要著述,内容包括作者的杂文、长篇小说、中篇小说、短篇小说、书信集及未竟稿。本卷为书信:诗人之爱、最初的呼唤、爱你就像爱生命、痛悔、真正的婚姻全是在天上缔结的等。 | |
| 606 | 0 | @a文学@x作品@y中国@z现代@j选集 |
| 606 | 0 | @a文学 |
| 606 | 0 | @a书信集 |
| 606 | 0 | @a书信集@y中国@z现代 |
| 690 | @aI267.5@v4 | |
| 690 | @aI217.52@v4 | |
| 701 | 0 | @a王小波@9wang xiao bo@4著 |
| 801 | 0 | @aCN@bRENTIAN@c20070805 |
| 905 | @a10447@dI217.52@e614:9 | |
| 王小波全集.第九卷.书信/王小波著.-昆明:云南人民出版社,2006(2007印) |
| 217页:照片;23cm |
| ISBN 7-222-04766-2(精装):CNY288.00(全10册) |
| 本套书收录了王小波生前的重要著述,内容包括作者的杂文、长篇小说、中篇小说、短篇小说、书信集及未竟稿。本卷为书信:诗人之爱、最初的呼唤、爱你就像爱生命、痛悔、真正的婚姻全是在天上缔结的等。 |
| ● |
| 相关链接 |
|
|
|
|
正题名:王小波全集
索取号:I217.52/614:9
 
预约/预借
| 序号 | 登录号 | 条形码 | 馆藏地/架位号 | 状态 | 备注 |
| 1 | 0808419 | 208084197 | 第一样本阅览室/ [索取号:I217.52/614:9] | 在馆 | |
| 2 | 0808420 | 208084204 | 第二借阅区/ [索取号:I217.52/614:9] | 在馆 | |
| 3 | 0808421 | 208084213 | 第二借阅区/ [索取号:I217.52/614:9] | 在馆 | |
| 4 | 0808422 | 208084222 | 第二借阅区/ [索取号:I217.52/614:9] | 在馆 | |
| 5 | 0808423 | 208084231 | 第二借阅区/ [索取号:I217.52/614:9] | 在馆 | |
| 6 | 0808425 | 208084259 | 第二借阅区/ [索取号:I217.52/614:9] | 在馆 | |
| 7 | 0808426 | 208084268 | 第二借阅区/ [索取号:I217.52/614:9] | 在馆 | |
| 8 | 0808427 | 208084277 | 第二借阅区/ [索取号:I217.52/614:9] | 在馆 | |
| 9 | 0808428 | 208084286 | 第二借阅区/ [索取号:I217.52/614:9] | 在馆 |